Indianapolis Colts - General Knowledge - Statistics

General Stats
  • This quiz has been taken 4 times
  • The average score is 9 of 15
Answer Stats
Hint Answer % Correct
When were the Indianapolis Colts founded and entered the NFL? 1953
100%
What year did the Colts win their first Super Bowl? 1971
100%
How many Super Bowls have the Indinapolis Colts won? 2
100%
What division do the Indianapolis Colts currently play in? AFC South
100%
The Colts moved from which city to Indianapolis in 1984 while driving in a moving van in the middle of the night? Baltimore
100%
What is the name of the Indianapolis Colts mascot that has been voted as the best mascot in the NFL? Blue
100%
What pre-draft event have the Indianapolis Colts hosted every year since 1987? NFL Scouting Combine
100%
What legendary retired Colts kicker and punter currently hosts their own sports talk show? Pat McAfee
100%
The Colts and Johnny Unitas won the 1958 championship, now called "The Greatest Game Ever Played." Which team did the Colts take down in overtime in this legendary game? New York Giants
75%
After the merger of 1970, the Colts were one of the three teams who moved from the NFL to the newly established AFC (American Football Confrence). What were the other two teams? Cleveland Browns
25%
After the merger of 1970, the Colts were one of the three teams who moved from the NFL to the newly established AFC (American Football Confrence). What were the other two teams? Pittsburgh Steelers
25%
There was another proffesional football team named the Colts that existed from 1947-1950. The team joined the NFL in a 1950 merger, but what league was it a part of before it entered the NFL? All-America Football Confrence (AAFC)
0%
The Colts were the first NFL team to have an official what? Cheerleading Squad
0%
What Indianapolis Colts quarterback played linebacker at his high school in 1997 because the team already had the quarterback slot filled? Philip Rivers
0%
The Colts were the first NFL team to put their plays on what type of gear in 1965? Wristbands
0%
No matching quizzes found
Score Distribution
Percent of People with Each Score
Percentile by Number Answered
Your Score History
You have not taken this quiz